| 000 | nam a22 a 4500 | ||
|---|---|---|---|
| 999 |
_c1783 _d1783 |
||
| 003 | AKMAL | ||
| 005 | 20170511161657.0 | ||
| 008 | 170511s1994 my 00 eng d | ||
| 020 |
_a9679933407 (pbk.): _cRM 200.00 |
||
| 040 | _aAKMAL | ||
| 082 | _a338.9595 MAL | ||
| 090 |
_a338.9595 _bMAL |
||
| 245 |
_aMalaysian development experience : _bchanges and challenges |
||
| 260 |
_aKuala Lumpur : _bInstitut Tadbiran Awam Negara, _c1994 |
||
| 300 |
_axxiv, 920p. : _bill. ; _c25cm |
||
| 500 | _aIncludes index | ||
| 504 | _aIncludes bibliographies | ||
| 650 |
_aSustainable development _zMalaysia _93688 |
||
| 651 |
_aMalaysia _xSocial conditions _945 |
||
| 651 |
_aMalaysia _xEconomic conditions _963 |
||
| 651 |
_aMalaysia _xPopular culture _93689 |
||
| 651 |
_aMalaysia _xIntellectual life _93690 |
||
| 700 | 1 |
_aInstitut Tadbiran Awam Negara _93691 |
|
| 942 |
_2ddc _cBOOK |
||